[Event "HUN-chT 1516"]
[Site "Hungary"]
[Date "2015.12.06"]
[Round "4.10"]
[White "Farkas, Richard"]
[Black "Dobos, Jozsef"]
[Result "1/2-1/2"]
[WhiteElo "2307"]
[BlackElo "2277"]
[PlyCount "34"]
[EventDate "2015.11.07"]
[EventType "team-tourn"]
[EventRounds "11"]
[EventCountry "HUN"]
[SourceTitle "CBM 169 Extra"]
[Source "ChessBase"]
[SourceDate "2015.12.18"]
[SourceVersion "1"]
[SourceVersionDate "2015.12.18"]
[SourceQuality "1"]
[WhiteTeam "Kobanya Aquarena"]
[BlackTeam "Csuti"]
[WhiteTeamCountry "HUN"]
[BlackTeamCountry "HUN"]

1. e4 c6 2. d4 g6 3. Nc3 d5 4. e5 Bg7 5. f4 Nh6 6. Be2 f6 7. Nf3 Bg4 8. h3 Bxf3 9. Bxf3 e6 10. 0-0 0-0 11. Ne2 Nd7 12. c3 Qe7 13. g4 Nf7 14. Be3 fxe5 15. fxe5 Ng5 16. Bg2 Rxf1+ 17. Qxf1 Rf8 1/2-1/2